00458nam a2200181Ia 4500003000400000008004100004040001600045082001700061100001500078245007400093700001700167260002300184300001000207650001000217650001600227650001500243650001800258GCL140319s9999 xx 000 0 eng d aGCL / cGCL04a932.014bK T1 aCHAUKY, A.10aTOUT ANCH AMON: EN FARAOS LIV DODOCH ATERUPPSL ANDELSE / cCHAUKY, A.1 aKENETT, F.L. a[S.N] : bBONNIERS a312 P04aTOMBS04aTUTANCHAMON04aEGYPTOLOGY04aKING'S VALLEY